Cartas de las heroínas ; Ibis / (Record no. 88776)

MARC details
000 -LEADER
campo de control de longitud fija 00722nam a2200241 i 4500
001 - NÚMERO DE CONTROL
campo de control 88776
003 - IDENTIFICADOR DE NÚMERO DE CONTROL
campo de control ES-MaACL
005 - FECHA Y HORA DE LA ÚLTIMA TRANSACCIÓN
campo de control 20230906175929.0
007 - CAMPO FIJO DE DESCRIPCIÓN FÍSICA--INFORMACIÓN GENERAL
campo de control de longitud fija t|
008 - DATOS DE LONGITUD FIJA--INFORMACIÓN GENERAL
campo de control de longitud fija 041215s2001 sp ||||1| spa d
020 ## - NÚMERO INTERNACIONAL ESTÁNDAR DEL LIBRO
Número Internacional Estándar del Libro 84-249-2552-1
080 ## - NÚMERO DE LA CLASIFICACIÓN DECIMAL UNIVERSAL
Número de la Clasificación Decimal Universal 821.124-6"-00"
100 1# - ENTRADA PRINCIPAL--NOMBRE DE PERSONA
Nombre de persona Ovidio Nasón, Publio.
9 (RLIN) 88013
245 10 - MENCIÓN DEL TÍTULO
Título Cartas de las heroínas ; Ibis /
Mención de responsabilidad, etc. Ovidio ; traducciones y notas de Ana Pérez Vega.
260 ## - PUBLICACIÓN, DISTRIBUCIÓN, ETC.
Lugar de publicación, distribución, etc. Madrid :
Nombre del editor, distribuidor, etc. Gredos,
Fecha de publicación, distribución, etc. [2001]
300 ## - DESCRIPCIÓN FÍSICA
Extensión 232 p. ;
Dimensiones 20 cm.
490 1# - MENCIÓN DE SERIE
Mención de serie Biblioteca básica Gredos ;
Designación de volumen o secuencia 69
700 1# - ENTRADA AGREGADA--NOMBRE PERSONAL
Nombre de persona Pérez Vega, Ana.
9 (RLIN) 91195
740 0# - ENTRADA AGREGADA--TÍTULO RELACIONADO/ANALÍTICO NO CONTROLADO
Título relacionado o analítico no controlado Ibis.
830 0# - PUNTO DE ACCESO ADICIONAL DE SERIE-TÍTULO UNIFORME
Título uniforme Biblioteca básica Gredos ;
Designación de volumen o secuencia 69
9 (RLIN) 184074
852 ## - LOCALIZACIÓN
Ubicación ES-MaACL
Número de control de estantería E-10616
Sublocalización o colección R.134821
Holdings
Estatus retirado Estado de pérdida Estado de daño No para préstamo Biblioteca de origen Biblioteca actual Ubicación en estantería Fecha de adquisición Fuente de adquisición Total de préstamos Signatura topográfica completa Código de barras Fecha de vencimiento Visto por última vez Fecha del último préstamo Precio de reemplazo Tipo de ítem Koha
        Biblioteca del Ateneo de Madrid Biblioteca del Ateneo de Madrid Depósito 2 17/01/2008   1 E-10616 1092727 14/12/2026 16/06/2026 16/06/2026 23/02/2023 Libro impreso